القاهرة وما فيها : (Record no. 30877)

MARC details
000 -الفاتح
حقل البيانات ثابتة الطول 01183nam a22003371i 4500
003 - محدد رقم الضبط
رقم الضبط EG-ScBUE
005 - وقت وتاريخ اخر تعامل مع التسجيلة
رقم الضبط 20250209101826.0
008 - عناصر البيانات ثابتة الطول - معلومات عامة
حقل البيانات ثابتة الطول 220731s2019 ua o f b 000 0 ara d
017 ## - رقم الإيداع القانونى
رقم الإيداع القانونى 2018 / 4357
020 ## - الرقم الدولى المعيارى للكتب
الرقم الدولى المعيارى للكتاب 9789777951777
040 ## - مصدر الفهرسة
وكالة الفهرسة الأصلية EG-ScBUE
لغة الفهرسة ara
قواعد الوصف rda
وكالة النسخ EG-ScBUE
وكالة التعديل EG-ScBUE
041 ## - رمز اللغة
رمز لغة النص/ المسارات الصوتية أو العنوان الانفرادي ara
043 ## - رمز المنطقة الجغرافية
رمز المنطقة الجغرافية f-ua---
082 04 - رقم تصنيف ديوى العشرى
رقم الطبعة 22
رقم التصنيف 916.216
رقم المادة س ع ي
100 1# - المدخل الرئيسى - إسم شخصى
الإسم الشخصى سعيد، مكاوي،
الدور مؤلف.
245 10 - بيان العنوان
العنوان القاهرة وما فيها :
بقية العنوان حكايات، أمكنة، أزمنة /
بيان المسئوليه,etc مكاوي سعيد.
250 ## - بيان الطبعة
بيان الطبعة الطبعة الثالثة.
264 #1 - النشر، التوزيع
مكان الناشر او الموزع القاهرة :
اسم الناشر او الموزع الدار المصرية اللبنانية،
تاريخ النشر أو التوزيع 2019.
300 ## - الوصف المادى
التعداد 486 صفحة :
تفاصيل ماديه اخرى للوعاء صور ؛
أبعاد الوعاء 24 سم.
336 ## - نوع المحتوى
source rdacontent
Carrier Type Term نص
Content Type Code txt
337 ## - نوع الوسيط
source rdamedia
Media Type Term بدون وسيط
Media Type Code n
338 ## - نوع الحامل أو الناقل
source rdacarrier
Carrier Type Term مجلد
Carrier Type Code nc
490 0# - بيان السلسلة
عنوان السلسلة الكتاب الأخير
504 ## - تبصرة ببليوجرافية
تبصرة ببليوجرافية,الخ يشتمل على إرجاعات ببليوجرافية.
541 ## - تبصرة المصدر المباشر للتزويد
مصدر التزويد Book fair 2025.
651 #7 - المدخل الاضافى بالموضوع - اسم جغرافى
مصدر الرأس أو المصطلح BUEsh
الاسم الجغرافي القاهرة (مصر)
التقسيم الفرعي العام جغرافيا.
651 #7 - المدخل الاضافى بالموضوع - اسم جغرافى
مصدر الرأس أو المصطلح BUEsh
الاسم الجغرافي القاهرة (مصر)
التقسيم الفرعي العام تاريخ.
653 ## - مصطلح تكشيفى غير مقيد
Arrived date list February2025
Resource For college Generalities
655 ## - مصطلح تكشيفى-نوع/شكل
التقسيم الفرعي الشكلي Reading book
942 ## - عناصر المدخل الإضافي( كوها)
مصدر التصنيف او مخطط الترفيف Dewey Decimal Classification
Holdings
حالة التراجع حالة الفقد مصدر التصنيف او خطة الترفيف حالة تلف ليس للاعارة مجموعات كوها المكان الدائم المكان الحالي موقع الترفيف تاريخ الاكتساب Source of acquisition سعر الشراء الطبيعي تعداد مسلسل / التسلسل الزمني رقم الاستدعاء الباركود Date last seen التكلفة نوع الوعاء
    Dewey Decimal Classification     Dar Masreya El Lebnani Central Library Central Library Second Floor 09/02/2025 Purchase 400.00 1051 916.216 س ع ي 000057239 09/02/2025 500.00 Book - Borrowing